000
00298nam a2200109 4500
999
_c
9754
_d
9754
008
180716b ||||| |||| 00| 0 eng d
245
_a
Know your tax rights and remedies.
260
_a
Philippines
_b
The Philippine Star
_c
c2016
300
_a
page B-16.
650
0
_9
28940
_a
Taxation.
942
_2
ddc
_c
PER